000
00302nam a22001337a 4500
020
_a
978-935543-068-7
082
_a
894.812.3
_b
DAL/R
100
_a
DAL,RUVOLD
245
_a
CHARLIYUM CHOCOLATE FACTORIYUM
260
_b
MANJUL PUBLISHING HOUSE
300
_a
181
650
_a
STORY
_z
KERALA
942
_c
BK
999
_c
7124
_d
7124